The malcontents /

Saved in:
Bibliographic Details
Main Author: Snow, C. P. (Charles Percy), 1905-1980
Format: Book
Language:English
Published: Harmondsworth, Middlesex : Penguin, 1975.
Subjects:
LEADER 00997cam a2200265 a 4500
001 c000271016
003 CARM
005 20070906123629.0
008 750718s1975 enk 000 1 eng d
015 |a B7517140 
019 1 |a 3525982  |z 45848624  |5 LACONCORD2021 
020 |a 0140038744 (pbk.) :  |c £0.60 
035 |a (OCoLC)6600344  |5 LACONCORD2021 
040 |a BNB  |b eng  |c BNB  |d ABN:1V  |d VCAV 
082 0 4 |a 823.914  |2 22 
100 1 |a Snow, C. P.  |q (Charles Percy),  |d 1905-1980. 
245 1 4 |a The malcontents /  |c C.P. Snow. 
260 |a Harmondsworth, Middlesex :  |b Penguin,  |c 1975. 
300 |a 253 p. ;  |c 18 cm. 
500 |a Fiction in English, 1900-. Texts (BNB/PRECIS) 
500 |a Originally published: London : Macmillan, 1972. 
650 0 |a English fiction. 
852 8 |b CARM  |h A1:AM16A0  |i A04757  |p 0388639  |f BK 
999 f f |i 786db44d-38e8-54ab-9f87-e44d89ab1c82  |s dd205a69-7b58-5512-97c0-9776897ce2e8 
952 f f |p Can circulate  |a CAVAL  |b CAVAL  |c CAVAL  |d CARM 1 Store  |e A04757  |f A1:AM16A0  |h Other scheme  |i book  |m 0388639